Extreme stupid quiz - Statistics

General Stats
  • This quiz has been taken 18 times
  • The average score is 6 of 24
Answer Stats
Hint Answer % Correct
Nhni Nhni
61%
Yuyuyuyuyu Yuyuyuyuyu
61%
1+1 11
50%
Canada vs USA Usa
44%
12x12 144
39%
What is this quiz called Extreme stupid quiz
33%
Baseball team for boston Red Sox
33%
When did the United States become a country 1776
28%
Hjkhjkhjj Hjkhjkhjj
28%
Train in Spanish Tren
28%
Capital of Florida F
22%
James Monroe James Monroe
22%
Ioioioio Ioioioio
17%
Capital of Mongolia Ulaanbator
17%
Yuiu Yuiu
17%
How many provinces of Canada are there 10
11%
How many countries are there 196
11%
Ioppoi Ioppoi
11%
Typo Typo
11%
Jetpunk Is awesome
6%
United you United you
6%
Yep 💩
0%
What question is this Nobody cares
0%
Speedstaking pro Sen keng Ian
0%
No matching quizzes found
Score Distribution
Percent of People with Each Score
Percentile by Number Answered
Your Score History
You have not taken this quiz